[Event "Rishon Le Ziyyon 9798"]
[Site "Rishon Le Ziyyon"]
[Date "1997.12.26"]
[Round "2"]
[White "Psakhis, Lev"]
[Black "Krayz, Alexander"]
[Result "1-0"]
[WhiteElo "2565"]
[BlackElo "2375"]
[Annotator "Psakhis,L"]
[PlyCount "47"]
[EventDate "1997.12.25"]
[EventType "swiss"]
[EventRounds "9"]
[EventCountry "ISR"]
[SourceTitle "CBM 063"]
[Source "ChessBase"]
[SourceDate "1998.03.26"]
[SourceVersion "1"]
[SourceVersionDate "1998.03.26"]
[SourceQuality "1"]

1. e4 e6 2. d4 d5 3. Nc3 Bb4 4. e5 b6 5. a3 Bxc3+ 6. bxc3 Qd7 7. Qg4 f5 8. Qg3
Ba6 9. Bxa6 Nxa6 10. Ne2 Nb8 (10... Kf7 11. a4 c5 12. Qd3 Qc8 13. Ba3 Ne7 14.
O-O) 11. Nf4 Nc6 (11... g6 $6 12. h4 $1) 12. Nxe6 Qxe6 13. Qxg7 O-O-O (13...
Qg6 14. Qxh8 Nd8 (14... Qxg2 $2 15. Rf1 O-O-O 16. Qxh7 $16 {
Gaprindashvili-Ranniku USSR 1968}) (14... Ke7 15. h4 Ke6 16. h5 Qxg2 17. Rh4 $1
f4 $5 18. Qxh7 Qg1+ 19. Ke2 f3+ 20. Kxf3 Rf8+ 21. Rf4 Rxf4+ 22. Bxf4 $1 Qxa1
23. Qxg8+) 15. e6 Nf7 16. exf7+ Kxf7 17. O-O Re8 18. Bg5 $1 Nh6 19. Qf6+ $18)
14. Qxh8 Qg6 15. O-O (15. Kf1 $5 Rd7 16. h4 Rg7 (16... h5 17. Rh3) 17. g4 Nd8 (
17... Qxg4 18. Bg5) 18. Rg1 fxg4 19. h5 Qf7 20. Rg3 h6 21. e6 Nxe6 22. Bd2 Kd7
23. Re1 Nf6 24. Qxh6 Nxh5 (24... Ne4 25. Rxe4 dxe4 26. d5) 25. Rge3 Nhf4 26.
Rxe6 Nxe6 27. Rxe6 Rh7 28. Rf6 {1-0 Callaghan,R-Blechar,M/cr 1985}) (15. Be3
Rd7 $1 16. O-O-O (16. h4 h5 17. Rh3 f4 $1 18. Bxf4 Rh7 19. Rg3 Qe4+ 20. Re3
Qxe3+ $17) (16. Bh6 Nd8 $1 $19) (16. e6 Rd8 $1 17. Bg5 Qxg5 18. Qxh7 Qxg2 19.
O-O-O Nge7 $17) 16... f4 (16... h5 17. g4 $1 Rh7 (17... fxg4 18. f4 Nce7 19. e6
Qxe6 20. Rde1 $18) (17... hxg4 18. Qh4) (17... Qxg4 $2 18. Rdg1) 18. gxf5) (
16... h6 17. h4 h5 18. g4 hxg4 (18... fxg4 19. f4 $1) 19. h5 $16) 17. Bxf4 (17.
e6 $2 Rd8 (17... Rg7 18. Bxf4 h6 19. h4 Rh7 20. h5 $16) 18. Bxf4 Nf6 $19) 17...
h6 18. h4 (18. Rd3 Rh7 19. Rg3 Qxg3 20. Qxh7 Qxf4+) 18... Rh7 19. h5 Qf7 $19
20. e6 $140 Qxf4+) 15... Re8 {N/} (15... Rd7 16. Re1 Rg7 (16... h5 17. e6 Rh7
18. e7) 17. g3 h5 (17... Kb7 18. h4 f4 (18... Nf6 19. exf6 Rg8 20. Qxg8 Qxg8
21. Re7 Nxe7 22. fxe7 Qe6 23. Bg5 Qe4 (23... c5 24. Kf1 Qd7 25. Re1 Qe8 26. Re5
) 24. Rf1 (24. Kf1)) 19. Bxf4 h5 20. e6 Rh7 21. e7 Ngxe7 22. Qf8 Rg7 (22... Nf5
23. Bg5 Rf7 24. Qe8 Nd6 25. Qe6 Qxc2 26. Be3) 23. Re6 (23. Bg5 Rf7 24. Qe8 Qf5
25. Re2 Qf3 26. Rae1 Rf8 27. Qd7 Nc8) 23... Qg4 24. Rae1 Rg8 25. Qf7 Rg7 26.
Qf8 Nf5 27. Bg5 Rxg5 28. hxg5 h4 29. Rxc6 hxg3 30. f3 Qxg5 31. Qe8 Qh4 32. Re2
Qf4 33. Rf6 Qc1+ 34. Re1 Qg5 35. Rxf5 Qxf5 36. Qe6 Qh5 37. Qe2 Qh4 38. Qg2 a5
39. Rf1 Qg5 40. Re1 {1-0 Watts,D-Bowden,K/BCF-ch Southampton 1986}) 18. e6 Kd8
(18... Rh7 19. e7) 19. c4 (19. e7+ Ke8 (19... Ncxe7 20. Bf4) 20. Bf4 Rh7 21.
Re6 Qf7 22. Qxh7 Qxh7 23. Rxc6) 19... Rh7 (19... Nxd4 20. e7+ Ke8 21. Bb2 Nf3+
22. Kh1 d4) 20. e7+ Ke8 21. Re6 Qf7 22. Qxh7 Qxh7 23. Rxc6 Qxe7 24. Bd2 Qd7 25.
Re1+ Kf7 26. cxd5 Qxd5 27. Rxc7+ Kg6 28. h4 f4 29. Re5 {1-0 Wilms,W-Dezutter,J/
cr 1994}) (15... h5 16. Rd1 {[%cal Gd1d3,Gd3g3]} Rd7 17. Rd3 Rh7 18. Rg3 Qxg3
19. Qxh7 Qxc3 20. Qxg8+ Kb7 21. Bb2 Qxb2 22. Rf1 Qxd4 23. e6 $16 {1-0 Cruz,
D-Vallejo,P/Spain-ch jr 1995 (46)}) 16. h4 $1 Nd8 {[%cal Gd8f7]} 17. e6 $1 Rxe6
(17... Nf6 $142 $1 18. h5 Nxh5 19. Qe5 Nxe6 $1 (19... Rg8 20. Qxd5) 20. Qxd5 (
20. Re1 $4 Neg7 $19) 20... Nhf4 21. Bxf4 Nxf4 22. Qa8+ Kd7 23. Qf3 Ne2+ 24. Kh1
Re4 25. g3 f4 26. g4 $5 $16 (26. Rfe1 fxg3 27. Rxe2 Qh6+ 28. Kg2 Qh2+ 29. Kf1
g2+ 30. Qxg2 Qxg2+ 31. Kxg2 Rxe2 32. Rc1 $14)) 18. h5 $1 (18. Bd2 Re2 19. h5
Qf7 20. Rad1 $16) 18... Qf7 (18... Qg4 19. Qxh7 Nf6 20. Qg6) 19. Bg5 Re8 20.
Bxd8 Rxd8 (20... Kxd8 21. Rae1 $18) 21. Qe5 Qxh5 22. Rfe1 Nh6 23. Qf4 Rd7 24.
Re6 (24. Re6 Nf7 25. Rae1 Nd6 26. Qe5 $18 (26. Rf6 $5)) 1-0

[Event "Benasque"]
[Site "Benasque"]
[Date "1995.??.??"]
[Round "1"]
[White "Martin Gonzalez, Angel"]
[Black "Psakhis, Lev"]
[Result "0-1"]
[WhiteElo "2420"]
[BlackElo "2610"]
[Annotator "Psakhis,L"]
[PlyCount "80"]
[EventDate "1995.07.??"]
[EventType "tourn"]
[EventRounds "9"]
[EventCountry "ESP"]
[EventCategory "13"]
[SourceTitle "CBM 050"]
[Source "ChessBase"]
[SourceDate "1996.02.01"]
[SourceVersion "1"]
[SourceVersionDate "1996.02.01"]
[SourceQuality "1"]

1. e4 e6 2. d4 d5 3. Nc3 Bb4 4. e5 Ne7 5. Bd2 b6 6. Qg4 Nf5 (6... O-O $5 7. Bd3
(7. Nf3 Ba6 8. Bxa6 Nxa6 9. Rd1 Bxc3 10. bxc3 Qd7 11. h4 Qa4 12. Rc1 Nf5 13. h5
Nc5 $1 $13 14. Nh4 Ne4 15. Nxf5 exf5 16. Qxf5 Qc6 17. h6 g6 18. Qf4 f6 19. f3
Nxc3 20. Qe3 Nb5 21. O-O Qc4 22. c3 Rae8 23. f4 f5 24. Qf3 c6 25. Ra1 Qa4 26.
a3 Nc7 27. Rfb1 Ne6 28. Qd3 Rd8 29. Rb4 Qa5 30. Be3 Rf7 {Timman,J-Huebner,R/
Linares/1985/}) 7... Ba6 8. Bh6 Ng6 9. Bxg6 fxg6 $1 (9... hxg6 10. Bg5 $16) 10.
Be3 (10. Qxe6+ $2 Kh8 11. Be3 Re8 $1 $19) 10... Qd7 11. h4 Rf5 12. Nf3 Qa4 13.
Kd2 Nc6 14. h5 g5 15. Bxg5 Raf8 16. a3 Bxc3+ 17. bxc3 Nxe5 $1 18. Qh4 Nxf3+ {
Santo Roman,M-Lamouteux,O/Nice/1994/}) (6... Ng6 $6 {N/} 7. h4 h5 8. Qg3 Ba6 9.
Bxa6 Nxa6 10. Nf3 Be7 (10... c5 $6 11. Nb5) 11. Bg5 (11. Ng5 $14 Bxg5 12. hxg5)
11... Nb4 12. O-O-O Nc6 (12... Qd7 13. Bxe7 Qxe7 14. Ng5 $36) 13. Ne2 (13. Bxe7
$6 Ncxe7) 13... Qd7 14. Kb1 O-O-O 15. Rh3 $1 Kb7 16. Bd2 Rdg8 17. Ng5 Bd8 (
17... Bxg5 18. hxg5 $14) 18. f4 Rf8 19. Qd3 Nge7 20. Ng3 g6 21. Nf3 Nf5 22.
Nxf5 exf5 23. c4 $1 Be7 24. Rc1 Rd8 25. c5 bxc5 26. dxc5 Rb8 27. Ka1 Ka8 28.
Rhh1 Rhd8 29. Rhd1 d4 30. Rc4 Qd5 $14 {Sokolov,I-Farago,I/YUG/1993/1:0/50/ Inf
58/323/}) 7. Bd3 (7. Nge2 h5 8. Qf4 Be7 9. h4 Nxh4 10. O-O-O Nc6 11. g4 Ng6 12.
Qe3 hxg4 13. Rxh8+ $1 Nxh8 14. Nf4 Bg5 15. Bd3 Bb7 16. Rh1 Bh6 17. Rxh6 gxh6
18. Nfxd5 exd5 19. Qxh6 Nxd4 20. Qxh8+ Kd7 21. Qh5 Qg8 22. Be3 Ne6 23. Bf5 Qg7
24. Bxg4 Rh8 25. Qf5 Ke7 26. Ne2 Bc8 27. Ng3 Qg6 28. Qf3 Bb7 29. c4 d4 30. Nf5+
Kd8 31. Qxb7 Qxg4 32. Qa8+ Kd7 33. Qd5+ Ke8 34. Qc6+ Kd8 35. Qa8+ Kd7 36. Qd5+
{Mirumian,A-Baklan,V/Yurmala/1992/0,5/36/}) (7. Nf3 Ba6 8. Bxa6 Nxa6 9. Qf4 c5
10. dxc5 bxc5 11. g4 Ne7 12. h4 O-O 13. h5 f5 14. exf6 Rxf6 15. Qg3 Nc6 16.
O-O-O Qc7 17. Ng5 Qxg3 18. fxg3 Nd4 19. Bf4 Bxc3 20. bxc3 Ne2+ 21. Kd2 Nxf4 22.
gxf4 Nc7 23. Nh3 Rb8 24. Rb1 Rff8 25. a4 h6 26. Rhg1 Kf7 27. g5 hxg5 28. fxg5
Rxb1 29. Rxb1 Ke7 $19 {Cseshkovsky,V-Petrosian,T/URS-ch/1976/0:1/1976/} 30. Kd3
c4+) 7... h5 8. Qf4 g5 {N/} (8... Bxc3 9. Bxc3 Qh4 10. Qd2 Ba6 11. Bxf5 exf5
12. O-O-O Nc6 13. Nh3 Nd8 14. Nf4 Ne6 15. g3 (15. Nxd5 Bb7 16. Ne3 f4 17. Nf5
Qg4 18. d5 Qxf5 19. dxe6 Qxe6 $13) 15... Qd8 16. Nxe6 fxe6 17. Bb4 Rc8 (17...
g5 $5) 18. Qe3 Qd7 19. Ba3 Kf7 20. Rd2 Qa4 21. Kb1 Bc4 22. h4 b5 23. Qc3 c5 24.
dxc5 a5 25. Qd4 Rhd8 26. Rhd1 Bxa2+ 27. Kxa2 b4 28. c3 Rb8 29. c6 Qxc6 30. cxb4
axb4 31. Bxb4 Qa4+ 32. Ba3 Qb3+ 33. Ka1 {Landa,K-Moskalenko,V/Nojabrsk/1995/1:
0/64/}) (8... Qh4 9. Qxh4 Nxh4 10. g3 Nf5 11. Nb5 (11. Nge2 $10) 11... Bxd2+
12. Kxd2 Na6 13. Ne2 c6 14. Bxf5 cxb5 15. Bd3 Nc7 16. h3 Ke7 17. g4 b4 18. f4
g6 19. Ng3 hxg4 20. hxg4 Bd7 21. Ke3 Bb5 22. f5 gxf5 23. gxf5 Rag8 24. f6+ Kd7
25. Ne2 a5 26. Rag1 Bxd3 27. Kxd3 Nb5 28. Rxg8 Rxg8 29. Rh7 Ke8 {Leko,P-Panno,
O/ARG/1994/}) 9. Qxg5 Qxg5 10. Bxg5 Nxd4 11. O-O-O Be7 $5 (11... Bxc3 12. bxc3
Ndc6 13. f4 Bb7 14. Nf3 Nd7 $14) 12. h4 (12. Bxe7 Kxe7 13. Nge2 Nxe2+ 14. Bxe2
Ba6 $10) 12... c5 13. Nge2 (13. f4 Ba6) 13... Nxe2+ 14. Bxe2 a6 (14... Nc6 15.
Nb5) (14... Kd7 15. Bxe7 Kxe7 16. f4 Ba6 $13) 15. f4 Nc6 16. Bf3 $5 Nd4 17.
Rxd4 $1 (17. Bxe7 Kxe7 18. Bxd5 exd5 19. Nxd5+ Kf8 20. Nxb6 Rb8 21. Nxc8 Rxc8
22. Rd2 Ke7 $15) 17... cxd4 18. Ne2 Bd7 19. Nxd4 (19. Ng3 Bxg5 20. hxg5 h4 21.
Ne2 Ke7 22. Nxd4 Rac8 23. Kd2 $146) 19... Rc8 20. Kd2 Bc5 $5 21. Ne2 (21. Bf6
$5) 21... d4 $1 22. Ng3 (22. Bb7 $6 Rb8 23. Bxa6 b5 24. a4 bxa4 $17) (22. Bf6
$1 Rg8 23. Bxh5 Rxg2 24. Bf3 Bb4+ 25. Kc1 (25. Kd1 Ba4 (25... Rf2 26. Be4 (26.
h5 d3 $1) (26. Bb7 Bb5 $1 (26... Rxe2 $2 27. Kxe2 Rxc2+ 28. Kf3) 27. Bxc8 Bxe2+
28. Kc1 d3 29. cxd3 (29. c3 Bf3 30. Rg1 Bc5 31. Rg8+ Bf8 32. Rg1 d2+ $19) 29...
Bxd3 30. a3 (30. Bb7 Rc2+ 31. Kd1 (31. Kb1 Bd2 $19) 31... Rxb2 $19) 30... Bd2+
31. Kd1 Bxf4 32. Rg1 Rd2+ 33. Ke1 Re2+ 34. Kd1 $10) 26... Bb5 $1 (26... Bc6 $2
27. Bxc6+ Rxc6 28. h5 Rxe2 29. Kxe2 Rxc2+ 30. Kf3 $18) 27. Bd3 Bxd3 28. cxd3
Rf3 29. Nc1 Be7 $17) 26. Bxg2 (26. b3 Rf2) 26... Bxc2+ 27. Kc1 Be4+ 28. Nc3
Bxg2 29. Rg1 dxc3 30. Rxg2 cxb2+ 31. Kxb2 $16) 25... Rf2 26. Nxd4 (26. h5 d3)
26... Bc5 27. Rg1 Rxc2+ (27... Kf8 28. Bg7+ Ke7 29. Bf6+ Kf8 $10) 28. Nxc2 (28.
Kxc2 $2 Bxd4+ 29. Kd2 Bxg1 30. h5 Bh2 31. Ke3 Rc4 $19) 28... Bxg1 29. Kd2 (29.
h5 Be3+ $1) 29... Bh2 30. Bg5 $13) 22... Bb4+ 23. Kd1 Ba4 $1 24. b3 Bc6 25. Be2
(25. Bxh5 Bxg2 26. Rg1 Bb7 (26... Rxh5 27. Rxg2 Rh7 28. Ne4 $16)) 25... Be7 (
25... Bxg2 26. Rg1 Bb7 27. Nxh5) 26. Rh2 (26. Rg1 $5 Bxg5 27. fxg5) 26... Bxg5
27. hxg5 (27. fxg5 Ke7 28. Bxa6 (28. Nxh5 Be4 29. Nf6 Bxc2+ 30. Kd2 d3 31. Bxd3
Rhd8 32. Rh3 Bxd3 33. Rxd3 Rxd3+ 34. Kxd3 Rc5 $17) (28. Bxh5 Bd7 (28... Bb7 29.
Bf3 $1) 29. Be2 Rc5 30. Bxa6 Rxe5 $17) 28... Ra8 29. Be2 Rxa2 (29... Ra5 30.
Nxh5 (30. Bxh5) 30... Rxe5 31. g4 b5 $5 $13) 30. Bxh5 Ra5 $17) 27... h4 28. Nh5
Ke7 29. Nf6 (29. Bxa6 Ra8 30. Be2 Rxa2 31. Nf6 Ra1+ 32. Kd2 Rg1) 29... Bb5 $1
30. Bf3 (30. Bxb5 $5 axb5 31. Kd2 Ra8 32. Kd3 Rxa2 33. g3 h3 $1 $17) 30... Rc3
31. Be4 (31. Ne4 Re3 32. Nd6 h3 $1) 31... Re3 32. a4 Bf1 $1 33. Rh1 (33. Kd2
Re2+ 34. Kd1 Rf2 $19) 33... Rxe4 $1 34. Nxe4 $6 (34. Rxf1 Re3 35. Rh1 h3 $17)
34... Bxg2 35. Re1 h3 $19 36. Ng3 h2 37. Nh1 Rh4 38. Kd2 Rxf4 39. Kd3 Kf8 $1
40. b4 Kg7 0-1

[Event "FRA-chT 9192"]
[Site "Clichy"]
[Date "1992.04.??"]
[Round "?"]
[White "Sokolov, Andrei"]
[Black "Seret, Jean Luc"]
[Result "1/2-1/2"]
[WhiteElo "2605"]
[BlackElo "2415"]
[Annotator "RR"]
[PlyCount "116"]
[EventDate "1992.04.??"]
[EventType "team"]
[EventRounds "16"]
[EventCountry "FRA"]
[SourceTitle "EXT 2015"]
[Source "ChessBase"]
[SourceDate "2014.11.20"]
[SourceVersion "1"]
[SourceVersionDate "2014.11.20"]
[SourceQuality "1"]
[WhiteTeam "Belfort"]
[BlackTeam "Rouen"]
[WhiteTeamCountry "FRA"]
[BlackTeamCountry "FRA"]

1. e4 e6 2. d4 d5 3. Nc3 Bb4 4. e5 Ne7 5. a3 Bxc3+ 6. bxc3 b6 {[%cal Gc8a6]} 7.
Qg4 Kf8 (7... Ng6 8. h4 {[%csl Rg6][%cal Gh4h5]} h5 9. Qd1 Ba6 10. Bxa6 Nxa6
11. Bg5 $14 {Ivkov,B-Byrne,R Varna ol (Men) fin-A 1962 (11) 1-0}) 8. a4 (8. Nh3
) (8. h4) ({RR} 8. Nf3 h6 9. Bd3 Ba6 10. O-O c5 11. dxc5 bxc5 12. Bxa6 Nxa6 13.
c4 d4 14. Rb1 Qd7 15. Bd2 Qc6 16. c3 d3 17. Rfd1 Rd8 18. Be3 Kg8 19. Ne1 Kh7
20. Nxd3 Rd7 21. Nf4 Rb8 22. Rbc1 Rxd1+ {Dominguez,L (2647)-Nogueiras Santiago,
J (2556)/Santa Clara 2006/CBM 111 ext/1-0 (49)}) 8... Ba6 (8... c5) 9. Bxa6
Nxa6 10. Ne2 Nb8 $5 $146 {le Na6 étant mal placé, cette nouveauté parait trés
logique} ({RR} 10... Nf5 11. O-O h5 12. Qf3 Nb8 13. Ng3 Nxg3 14. fxg3 Qd7 15.
Ba3+ Kg8 16. Rf2 g6 17. Raf1 Rh7 18. g4 Qxa4 19. gxh5 gxh5 20. Bc1 Qe8 21. Qg3+
Kh8 22. Qh4 Nd7 23. Rf3 a5 24. Bg5 Nf8 25. Bf6+ {Degerman,L (2415)-Psakhis,L 
(2575)/Vienna 1991/EXT 2000/1-0 (33)}) 11. h4 $1 {[%cal Gh1h3,Gh3f3] Ce plan
de développement de la Rh1 est également assez thématique dans ce genre de
structure.} c5 12. h5 h6 13. Rh3 Nbc6 14. Rf3 {[%csl Re6,Rf7,Rf8]} Nf5 $132 15.
Qf4 Qe7 {[%csl Rf5]} (15... Qh4 $142 16. g4 Qh1+ 17. Kd2 Na5 18. gxf5 Nc4+ 19.
Kd3 Qd1+ 20. Bd2 Nb2+ {[%csl Rd3] Apicella}) 16. Kf1 Kg8 {[%cal Gg8h7]} 17. g4
Nh4 {Le N fait de l'équilibrisme car la Qe7 a pris sa case de repli} 18. Rh3 g5
19. hxg6 fxg6 20. g5 hxg5 21. Qxg5 Kf7 22. Qg4 Nf5 23. Nf4 g5 $13 24. Nxd5 $1
Qd8 25. Ne3 (25. Nf6 {[%csl Rf7,Rg5][%cal Gc1g5]}) 25... Rxh3 26. Qxh3 Qh8 27.
Qf3 Nce7 28. d5 g4 29. dxe6+ (29. Nxg4 exd5) 29... Kxe6 30. Qg2 $6 (30. Nxg4
Qh4 31. Qxa8 Qh3+ 32. Qg2 Qxc3 $13) 30... Nxe3+ 31. Bxe3 Qh3 $132 32. Qxh3 gxh3
33. Bf4 Nd5 (33... Rg8 $17 {[%csl Rf1][%cal Gh3h2,Gh2h1]}) 34. Bh2 Rf8 35. Ke2
Nxc3+ 36. Ke3 Nd5+ 37. Ke2 Rg8 {[%cal Gg8g2]} 38. Bg3 Rg4 39. a5 b5 (39... Rc4
$36 {[%csl Rc2,Re2]}) 40. Rh1 Rc4 41. Rxh3 Rxc2+ 42. Kd3 Rc3+ 43. Kd2 c4 44.
Rh6+ Kf5 45. Rd6 Rd3+ 46. Kc1 Nb4 47. Rf6+ Kg5 48. Bf4+ Kg4 49. e6 $1 Nd5 50.
Rf7 b4 51. Be5 b3 52. Rd7 c3 53. Bxc3 $1 Rxc3+ 54. Kb2 Rc5 55. e7 Nxe7 56. Rxe7
Rxa5 57. Kxb3 Rf5 58. Rxa7 Rxf2 1/2-1/2

[Event "Richardson UTD schev"]
[Site "Richardson"]
[Date "2012.03.12"]
[Round "5"]
[White "Robson, Ray"]
[Black "Sadorra, Julio Catalino"]
[Result "1-0"]
[WhiteElo "2606"]
[BlackElo "2525"]
[Annotator "Ramirez Alvarez,A"]
[PlyCount "55"]
[EventDate "2012.03.10"]
[EventType "schev"]
[EventRounds "10"]
[EventCountry "USA"]
[SourceTitle "CBM 147 Extra"]
[Source "ChessBase"]
[SourceDate "2012.04.24"]
[SourceVersion "1"]
[SourceVersionDate "2012.04.24"]
[SourceQuality "1"]
[WhiteTeam "Grandmasters"]
[BlackTeam "Dallas UT"]
[WhiteTeamCountry "USA"]
[BlackTeamCountry "USA"]

1. e4 e6 2. d4 d5 3. Nc3 Bb4 4. e5 Ne7 5. a3 Bxc3+ 6. bxc3 b6 {It's possible
that Sadorra tried to deviate from normal lines after seeing the huge
theoretical struggle in Robson-Holt. This line is not all that bad, but it
doesn't score as well as c5.} 7. Qg4 Ng6 8. Bg5 Qd7 9. h4 h5 10. Qf3 c5 11. Ne2
Qa4 12. Ng3 cxd4 13. Nxh5 O-O $6 {A suicidal move played in the finest spirit
of the French. However, it may have been too much at this point. Robson has a
couple of ways to try to force his attack through.} (13... Kf8 $5) 14. Nf6+ $5
{Exciting, but maybe not best.} (14. Nxg7 $5 Qxc2 (14... Kxg7 15. Qf6+ Kh7 16.
h5 {is forced mate in a few moves.}) 15. cxd4 $1 Kxg7 16. h5 $1 $16) 14... gxf6
15. Bxf6 Qxc2 16. h5 Nd7 (16... d3 $5 {is a fantastic way of creating
counterplay. The pawn is threatening to queen, so it must be stopped.} 17. Bxd3
Qxc3+ 18. Ke2 Qb2+ 19. Ke1 Qxa1+ 20. Kd2 $1 (20. Ke2 $4 Qxh1 21. Qg4 Qxh5 $1
$19) 20... Qb2+ $11 {with a perpetual} (20... Qxh1 $2 21. Qg4 $1 $18 {and
surprisingly, White's attack is crushing.})) 17. hxg6 Nxf6 18. exf6 (18. g7 $5
Ne4 19. gxf8=Q+ Kxf8 $13) 18... fxg6 19. cxd4 Rxf6 $2 {A fatal mistake, based
on a miscalculation no doubt.} (19... Bd7 $5 $13 {Keeps things interesting.})
20. Qxf6 Qc3+ 21. Ke2 Ba6+ 22. Kd1 Qxa1+ 23. Kd2 Qb2+ 24. Ke3 Qxa3+ 25. Kf4 e5+
26. dxe5 Qc1+ 27. Kg3 Qc3+ 28. Bd3 $1 {Most precise. A very cold blooded game
by Ray who showed why his calculations allowed him to take first place at this
strong event.} 1-0

[Event "Hoogeveen Unive Crown 17th"]
[Site "Hoogeveen"]
[Date "2013.10.20"]
[Round "1"]
[White "Van Kampen, Robin"]
[Black "Adams, Michael"]
[Result "1-0"]
[WhiteElo "2607"]
[BlackElo "2753"]
[Annotator "Ramirez Alvarez,A"]
[PlyCount "101"]
[EventDate "2013.10.20"]
[EventType "tourn"]
[EventRounds "6"]
[EventCountry "NED"]
[EventCategory "17"]
[SourceTitle "CBM 157"]
[Source "ChessBase"]
[SourceDate "2013.11.12"]
[SourceVersion "1"]
[SourceVersionDate "2013.11.12"]
[SourceQuality "1"]

1. e4 e6 2. d4 d5 3. Nc3 Bb4 4. e5 Ne7 5. a3 Bxc3+ 6. bxc3 b6 {a rare move, at
least when compared to the mainline 6... c5. The idea of this move is not only
to avoid theory, but also to exchange the light squared bishops as soon as
possible, something that is very desirable for Black. In exchange White has a
few moves where he does not have to worry about the pressure on the center.} 7.
Qg4 Ng6 8. h4 h5 {Black has no choice in this matter, he must weaken the
kingside one way or the other. This has been known to be the 'least bad' way.}
9. Qd1 (9. Qg3 {is also possible, but does not score nearly as well as Qd1.})
9... Qd7 (9... Ba6 10. Bxa6 Nxa6 11. Bg5 Qd7 12. Ne2 {scores well for white.})
10. Be2 Ba6 11. Bxh5 {White accepts Black's gambit. Essentially White wins a
pawn quickly but it won't be so easy to untangle his position.} Qb5 12. Nh3 $5
{Quesada had already attempted this before.} Nc6 $6 {Not the best} (12... Nxh4
$2 13. Kd2 $1 {and Black is in trouble. Why? Well, there are some tactical
reasons Black's knight doesn't want to be on h4, as well as the current threat
of Ng5.}) (12... Qc4 13. Bxg6 (13. Kd2 c5 {isn't such a bright idea anymore.})
13... fxg6 14. Qd3 Rxh4 {and though White may be better in this position, he
is not as much better as he was in the game.}) 13. Bxg6 fxg6 14. Qd3 (14. g3 {
keeping the pawn, was logical and possible.}) 14... Rxh4 15. Qxb5 Bxb5 16. a4
Bc4 17. Bg5 Rh8 18. Kd2 a5 $2 (18... Kf7 19. Nf4 Raf8 20. Rhe1 Ba6 {with the
idea of Na5-c4 was much better.}) 19. Nf4 Kf7 {White still holds an edge
because Black's pawns are not easy to hold. White initiates a rook lift to
make Black's king uncomfortable. Notice how his bishop on c4, though
technically not a bad piece, does not really do anything in the fight.} 20.
Rhe1 Raf8 21. Re3 Ke8 22. Rf3 Rh2 $6 (22... Kd7 23. Nxg6 Rxf3 24. gxf3 Rh2 25.
Nf8+ $16) 23. Ke3 {Black's defenseless against White's multiple threats, so he
desperately sacrifices a piece.} Nxe5 24. dxe5 Rf5 25. Rh3 Rxe5+ 26. Kd2 Rxh3
27. Nxh3 Re2+ 28. Kd1 Re4 29. Kd2 Re2+ 30. Kd1 Re4 31. Be3 e5 32. Ng5 Rh4 33.
Kc1 d4 34. Bd2 dxc3 35. Bxc3 Rg4 36. Nf3 Rxg2 37. Nxe5 Bd5 38. Bd4 {The dust
has settled, Black has run out of checks and the game is basically over as
Black's two pawns come nowhere close to compensating for a piece.} Ke7 39. Kb2
Kd6 40. Nd3 Rg4 41. Be5+ Kc6 42. Bxg7 Kb7 43. Bc3 Kc8 44. Ne5 Rg2 45. Bd4 Kb7
46. Be3 Be4 47. Rd1 Bf5 48. Rd4 Rh2 49. Nf3 Rh7 50. Bf4 Re7 51. Nh4 {A clean
game by Van Kampen who was aided by Adams rather mediocre play.} 1-0

[Event "Leon"]
[Site "Leon"]
[Date "1995.??.??"]
[Round "2"]
[White "Shirov, Alexei"]
[Black "Rivas Pastor, Manuel"]
[Result "1-0"]
[WhiteElo "2710"]
[BlackElo "2515"]
[Annotator "Romero Holmes"]
[PlyCount "99"]
[EventDate "1995.05.??"]
[EventType "tourn"]
[EventRounds "9"]
[EventCountry "ESP"]
[EventCategory "14"]
[SourceTitle "CBM 048"]
[Source "ChessBase"]
[SourceDate "1995.10.01"]
[SourceVersion "1"]
[SourceVersionDate "1995.10.01"]
[SourceQuality "1"]

1. e4 e6 2. d4 d5 3. Nc3 Bb4 4. e5 b6 5. Qg4 Bf8 6. Bg5 Qd7 7. f4 Ba6 8. Nf3
Bxf1 9. Rxf1 Nc6 10. O-O-O Nge7 11. Qh5 (11. Qh3 $1) 11... h6 $1 {/\ Ng6} 12.
Bxe7 Bxe7 13. Ne1 g6 14. Qf3 h5 15. g3 O-O-O 16. Ng2 Kb8 (16... Na5 $5 {/\ c5})
17. Ne3 f5 18. exf6 Bxf6 19. Ne2 Ne7 20. Kb1 Nf5 21. c3 c5 22. Nc2 c4 23. Ng1
g5 $6 24. fxg5 Bxg5 25. Nh3 Bh6 26. Rde1 Qf7 27. Nf4 Bxf4 28. Qxf4+ Kb7 29. Ne3
Rhf8 30. Nxf5 Qxf5+ 31. Qxf5 Rxf5 32. Rxf5 exf5 33. Re5 Rf8 34. a4 $1 (34. Rxd5
f4 35. gxf4 Rxf4 36. Rxh5 Rf1+ 37. Kc2 Rf2+ 38. Kc1 Rf1+ 39. Kd2 Rf2+ 40. Ke3
Rxb2 $13) 34... Kc6 35. Re6+ Kd7 36. Rh6 f4 37. gxf4 Rf5 38. Ka2 a5 39. Ka3 Kc7
40. Ka2 Kb7 41. Kb1 Kc7 42. Kc2 Rxf4 43. Rxh5 Rf2+ 44. Kb1 Kc6 45. Rh6+ Kc7 46.
h4 Rh2 47. h5 Kb7 48. Rh8 Rh1+ 49. Ka2 b5 50. Rh7+ 1-0

[Event "Interzonal-13c"]
[Site "Biel"]
[Date "1985.07.06"]
[Round "4"]
[White "Sax, Gyula"]
[Black "Vaganian, Rafael A"]
[Result "1/2-1/2"]
[WhiteElo "2535"]
[BlackElo "2625"]
[Annotator "Schussler,H"]
[PlyCount "81"]
[EventDate "1985.07.02"]
[EventType "tourn"]
[EventRounds "17"]
[EventCountry "SUI"]
[EventCategory "12"]
[SourceTitle "IZT"]
[Source "ChessBase"]
[SourceDate "1999.07.01"]
[SourceVersion "1"]
[SourceVersionDate "1999.07.01"]
[SourceQuality "1"]

1. e4 e6 2. d4 d5 3. Nc3 Bb4 4. e5 b6 5. Qg4 Bf8 6. Nh3 Ne7 7. Bg5 Nbc6 8. Bb5
Bd7 9. O-O (9. O-O-O) 9... h6 10. Be3 Nb4 11. a3 Bxb5 $1 (11... Nxc2 12. Rac1
Nxe3 13. fxe3 Nf5 14. Qf3 $1 $16) 12. Nxb5 Nbc6 13. Nf4 Qd7 14. Qe2 a6 (14...
Nf5 $2 15. c4 $1 $16) 15. Nc3 Nf5 $10 16. Rad1 Be7 17. g4 $6 (17. Qg4 $142 $1 {
Vaganian}) 17... Nxe3 18. fxe3 O-O 19. Rf3 Bg5 $1 20. Ng2 Na5 $1 $17 21. Rdf1
c5 22. h4 Be7 23. Qf2 Nc4 24. Rxf7 Nxe3 25. Nxe3 cxd4 26. Ncxd5 exd5 27. Rxf8+
Bxf8 28. Qf5 Qxf5 29. Nxf5 Re8 30. Re1 d3 31. cxd3 g6 32. Ng3 Bc5+ 33. Kg2 Bd4
34. e6 Bxb2 35. h5 Kg7 36. Rb1 Bxa3 37. Rxb6 a5 38. hxg6 Kxg6 39. Nh5 Kg5 40.
Kg3 Rf8 41. Rb5 1/2-1/2